Microcomputer Systems the 8086/8088 Family (Record no. 3705)
[ view plain ]
| 000 -LEADER | |
|---|---|
| fixed length control field | 00374nam a2200157Ia 4500 |
| 008 - FIXED-LENGTH DATA ELEMENTS--GENERAL INFORMATION | |
| fixed length control field | 191201s2008 xx 000 0 und d |
| 020 ## - INTERNATIONAL STANDARD BOOK NUMBER | |
| International Standard Book Number | 9788120304093 |
| 082 ## - DEWEY DECIMAL CLASSIFICATION NUMBER | |
| Classification number | 004.256 |
| Item number | LIM |
| 100 ## - MAIN ENTRY--PERSONAL NAME | |
| Personal name | LIU, Yu Chaug |
| 245 #0 - TITLE STATEMENT | |
| Title | Microcomputer Systems the 8086/8088 Family |
| 250 ## - EDITION STATEMENT | |
| Edition statement | Rep. |
| 260 ## - PUBLICATION, DISTRIBUTION, ETC. (IMPRINT) | |
| Place of publication, distribution, etc | N.Delhi |
| Name of publisher, distributor, etc | PHI |
| Date of publication, distribution, etc | 2008 |
| 300 ## - PHYSICAL DESCRIPTION | |
| Extent | 623 |
| 650 ## - SUBJECT ADDED ENTRY--TOPICAL TERM | |
| Topical term or geographic name as entry element | MCA |
| 942 ## - ADDED ENTRY ELEMENTS (KOHA) | |
| Source of classification or shelving scheme | Dewey Decimal Classification |
| Koha item type | Text Books |
| Withdrawn status | Lost status | Source of classification or shelving scheme | Damaged status | Not for loan | Collection code | Home library | Current library | Date acquired | Source of acquisition | Cost, normal purchase price | Bill Number | Total Checkouts | Full call number | Acc. no. / Barcode | Date last seen | Bill Date | Koha item type |
|---|---|---|---|---|---|---|---|---|---|---|---|---|---|---|---|---|---|
| Dewey Decimal Classification | MCA | PIET C-LIBRARY | PIET C-LIBRARY | 22/12/2008 | J B C, New Delhi | 275.00 | SI-4689 | 004.256 LIM | 10790 | 04/12/2019 | 16/12/2008 | Text Books | |||||
| Dewey Decimal Classification | MCA | PIET C-LIBRARY | PIET C-LIBRARY | 22/12/2008 | J B C, New Delhi | 275.00 | SI-4689 | 004.256 LIM | 10791 | 04/12/2019 | 16/12/2008 | Text Books | |||||
| Dewey Decimal Classification | MCA | PIET C-LIBRARY | PIET C-LIBRARY | 22/12/2008 | J B C, New Delhi | 275.00 | SI-4689 | 004.256 LIM | 10792 | 04/12/2019 | 16/12/2008 | Text Books | |||||
| Dewey Decimal Classification | MCA | PIET C-LIBRARY | PIET C-LIBRARY | 22/12/2008 | J B C, New Delhi | 275.00 | SI-4689 | 004.256 LIM | 10793 | 04/12/2019 | 16/12/2008 | Text Books | |||||
| Dewey Decimal Classification | MCA | PIET C-LIBRARY | PIET C-LIBRARY | 22/12/2008 | J B C, New Delhi | 275.00 | SI-4689 | 004.256 LIM | 10794 | 04/12/2019 | 16/12/2008 | Text Books |